[Event "Kirov-ch"]
[Site "Kirov"]
[Date "2019.04.03"]
[Round "3"]
[White "Dvinskikh, Leonid"]
[Black "Bessonov, Arsenij"]
[Result "1-0"]
[WhiteElo "1957"]
[BlackElo "1636"]
[PlyCount "85"]
[EventDate "2019.04.01"]
[EventType "swiss"]
[EventRounds "9"]
[EventCountry "RUS"]
[SourceTitle "CBM 190 Extra"]
[Source "ChessBase"]
[SourceDate "2019.07.15"]
[SourceVersion "1"]
[SourceVersionDate "2019.07.15"]
[SourceQuality "1"]

1. d4 Nf6 2. Nf3 e6 3. Bg5 Be7 4. Nbd2 b6 5. e3 Bb7 6. Bd3 c5 7. c3 d5 8. 0-0 0-0 9. Re1 Ne4 10. Bxe7 Qxe7 11. Qc2 f5 12. Ne5 Nc6 13. Nxc6 Bxc6 14. Nf3 Rf6 15. Ne5 Bb7 16. f3 Nd6 17. a4 a5 18. Qd2 Kh8 19. b4 c4 20. Bc2 axb4 21. cxb4 Nf7 22. f4 Nxe5 23. fxe5 Rh6 24. g3 g5 25. Rf1 Rh3 26. Qc3 h5 27. Rf2 h4 28. Rg2 Rg8 29. Qd2 Kg7 30. g4 c3 31. Qxc3 f4 32. Re2 Rc8 33. Qd3 Kh8 34. b5 Rc4 35. Rf1 Qc7 36. Qg6 Qe7 37. Kg2 f3+ 38. Rxf3 Rxf3 39. Kxf3 Rc7 40. Kg2 Qg7 41. Qxe6 Qd7 42. Qh6+ Kg8 43. Qxg5+ 1-0

[Event "Kirov-ch"]
[Site "Kirov"]
[Date "2019.04.01"]
[Round "1"]
[White "Dvinskikh, Leonid"]
[Black "Bezdenezhnykh, Lev"]
[Result "1-0"]
[WhiteElo "1957"]
[BlackElo "1656"]
[PlyCount "75"]
[EventDate "2019.04.01"]
[EventType "swiss"]
[EventRounds "9"]
[EventCountry "RUS"]
[SourceTitle "CBM 190 Extra"]
[Source "ChessBase"]
[SourceDate "2019.07.15"]
[SourceVersion "1"]
[SourceVersionDate "2019.07.15"]
[SourceQuality "1"]

1. d4 Nf6 2. c4 e6 3. Nc3 Bb4 4. Qb3 Bxc3+ 5. Qxc3 h6 6. Nf3 0-0 7. g3 b6 8. Bg2 Bb7 9. 0-0 Qe7 10. b3 d5 11. Ne5 c5 12. Ba3 Qc7 13. dxc5 bxc5 14. cxd5 Bxd5 15. Qxc5 Rc8 16. Qxc7 Rxc7 17. Rac1 Na6 18. Bxd5 Nxd5 19. Rxc7 Naxc7 20. Rc1 Nb5 21. Bb2 f6 22. Nc4 Kf7 23. a4 Nbc7 24. e4 Nb4 25. Nd6+ Ke7 26. Rxc7+ Kxd6 27. Rxg7 a5 28. Bxf6 Nd3 29. Rb7 e5 30. Be7+ Kc6 31. Rb5 Ra7 32. Bd8 Rf7 33. Bb6 Rb7 34. Bxa5 Rxb5 35. axb5+ Kxb5 36. Bc3 Nc5 37. f3 Nxb3 38. Bxe5 1-0

[Event "Vyatka Cup 7th"]
[Site "Kirov"]
[Date "2018.08.24"]
[Round "10"]
[White "Dvinskikh, Leonid"]
[Black "Lobov, Aleksandr Dm"]
[Result "1-0"]
[WhiteElo "2005"]
[BlackElo "1702"]
[PlyCount "69"]
[EventDate "2018.08.15"]
[EventType "tourn"]
[EventRounds "11"]
[EventCountry "RUS"]
[SourceTitle "CBM 187 Extra"]
[Source "ChessBase"]
[SourceDate "2018.11.04"]
[SourceVersion "1"]
[SourceVersionDate "2018.11.04"]
[SourceQuality "1"]

1. d4 Nf6 2. Nf3 e6 3. c4 d5 4. Nc3 c6 5. e3 dxc4 6. Bxc4 b5 7. Bd3 a6 8. 0-0 c5 9. b3 Bb7 10. Qe2 Nbd7 11. Rd1 Qb6 12. Bb2 Be7 13. a4 b4 14. a5 Qa7 15. Na4 cxd4 16. Bxd4 Qb8 17. e4 0-0 18. h3 h6 19. Rac1 Bd8 20. Nb6 Nxb6 21. axb6 Nd7 22. Qe3 e5 23. Bc5 Re8 24. Bxb4 Bxb6 25. Qe1 Nf8 26. Bc4 Ne6 27. Rd7 Bc6 28. Rd6 Ba5 29. Rxc6 Bxb4 30. Qe2 a5 31. Bxe6 Rxe6 32. Rxe6 fxe6 33. Rc6 a4 34. bxa4 Rxa4 35. Qc4 1-0

[Event "Vyatka Cup 7th"]
[Site "Kirov"]
[Date "2018.08.18"]
[Round "4"]
[White "Chigarev, Vyacheslav"]
[Black "Dvinskikh, Leonid"]
[Result "0-1"]
[WhiteElo "1661"]
[BlackElo "2005"]
[PlyCount "94"]
[EventDate "2018.08.15"]
[EventType "tourn"]
[EventRounds "11"]
[EventCountry "RUS"]
[SourceTitle "CBM 187 Extra"]
[Source "ChessBase"]
[SourceDate "2018.11.04"]
[SourceVersion "1"]
[SourceVersionDate "2018.11.04"]
[SourceQuality "1"]

1. e4 d6 2. Nf3 Nf6 3. c3 g6 4. Bc4 Bg7 5. 0-0 0-0 6. d3 c5 7. Nbd2 Nc6 8. a3 a6 9. Re1 Qc7 10. Ba2 b5 11. Qc2 Bb7 12. Nf1 a5 13. Bd2 Rac8 14. Rac1 Nd7 15. Ne3 e6 16. Ng4 h5 17. Nh6+ Kh8 18. Be3 Nce5 19. Qd2 c4 20. d4 Nd3 21. Bb1 Nxc1 22. Qxc1 e5 23. Qd1 Nf6 24. d5 Qd7 25. h3 Rce8 26. Bc2 a4 27. Nh4 Kh7 28. Qd2 Bc8 29. f3 Rh8 30. Kf2 Qe7 31. Kg3 Qf8 32. N6f5 gxf5 33. exf5 Bh6 34. Ng6 Rg8 35. Bg5 fxg6 36. fxg6+ Rxg6 37. h4 e4 38. f4 Bf5 39. Qd4 Qf7 40. Qb6 Qxd5 41. Rd1 Qc5 42. Rxd6 Qxb6 43. Rxb6 Bxg5 44. hxg5 Nd5 45. Rb7+ Rg7 46. Rxb5 Rd7 47. Kf2 e3+ 0-1

[Event "Vyatka Cup 7th"]
[Site "Kirov"]
[Date "2018.08.16"]
[Round "2"]
[White "Timerkhanov, Alexander"]
[Black "Dvinskikh, Leonid"]
[Result "1-0"]
[WhiteElo "2367"]
[BlackElo "2005"]
[PlyCount "103"]
[EventDate "2018.08.15"]
[EventType "tourn"]
[EventRounds "11"]
[EventCountry "RUS"]
[SourceTitle "CBM 187 Extra"]
[Source "ChessBase"]
[SourceDate "2018.11.04"]
[SourceVersion "1"]
[SourceVersionDate "2018.11.04"]
[SourceQuality "1"]

1. d4 f5 2. g3 Nf6 3. Bg2 g6 4. c3 Bg7 5. Qb3 c6 6. Nd2 Qb6 7. Qc2 0-0 8. Nh3 d6 9. Nf3 Nbd7 10. Nf4 e5 11. Ne6 Re8 12. Nxg7 Kxg7 13. dxe5 Ng4 14. 0-0 Ndxe5 15. Nxe5 dxe5 16. h3 Nf6 17. c4 c5 18. b3 Bd7 19. Bb2 Bc6 20. f3 Rad8 21. e3 Qc7 22. Rad1 Qe7 23. Bc3 Kf7 24. Qb2 Rxd1 25. Rxd1 e4 26. f4 Rd8 27. Rxd8 Qxd8 28. Kf2 Ne8 29. Qc2 b6 30. Bf1 Qd6 31. Be2 h5 32. Be5 Qd8 33. Bb2 Qd6 34. Qc3 Qf6 35. Qc1 Qd6 36. a3 a5 37. Be5 Qd8 38. b4 axb4 39. axb4 cxb4 40. Qb2 Qe7 41. Qd4 Qc5 42. Qd8 b3 43. Qc8 Ba4 44. Qb7+ Kf8 45. Qh7 Qc6 46. Bb2 b5 47. Ba3+ Nd6 48. cxb5 Qd5 49. Qd7 b2 50. Bxb2 Qc5 51. Bg7+ Kg8 52. Bd4 1-0

[Event "Kirov Chudinovskikh Memorial 5th"]
[Site "Kirov"]
[Date "2018.08.06"]
[Round "6"]
[White "Dvinskikh, Leonid"]
[Black "Seidov, Georgij"]
[Result "1-0"]
[WhiteElo "2005"]
[BlackElo "1756"]
[PlyCount "131"]
[EventDate "2018.07.29"]
[EventType "swiss"]
[EventRounds "10"]
[EventCountry "RUS"]
[SourceTitle "CBM 186 Extra"]
[Source "ChessBase"]
[SourceDate "2018.08.24"]
[SourceVersion "1"]
[SourceVersionDate "2018.08.24"]
[SourceQuality "1"]

1. d4 d5 2. c4 c6 3. Nf3 Nd7 4. g3 dxc4 5. a4 a5 6. Bg2 e6 7. 0-0 Ngf6 8. Qc2 Nb6 9. Nbd2 Bb4 10. Nxc4 Nxc4 11. Qxc4 0-0 12. Ne5 Nd5 13. Rd1 h6 14. e4 Nb6 15. Qb3 Nd7 16. Nd3 Be7 17. Be3 b6 18. Rac1 Bb7 19. d5 exd5 20. exd5 cxd5 21. Bxd5 Bxd5 22. Qxd5 Nf6 23. Qb5 Qd5 24. Qxb6 Qf3 25. Ne5 Qh5 26. Nc6 Bb4 27. Kg2 Nd5 28. Qd4 Nxe3+ 29. Qxe3 Rfe8 30. Qf3 Qxf3+ 31. Kxf3 Ra6 32. Nxb4 axb4 33. Rc4 Rxa4 34. Rdd4 Rb8 35. Rd3 Ra6 36. Ke3 Kf8 37. Kd2 g5 38. Kc2 Kg7 39. Kb3 Rf6 40. f3 Rfb6 41. Rdd4 Re6 42. Re4 Rd6 43. Rcd4 Rf6 44. f4 gxf4 45. Rxf4 Re6 46. Rde4 Rd6 47. Rxb4 Re8 48. Rb7 Rf6 49. Rxf6 Kxf6 50. Rc7 Re2 51. Rc2 Re4 52. Ka3 h5 53. b4 h4 54. Rc3 Ke6 55. b5 Kd6 56. b6 Re8 57. Kb4 hxg3 58. hxg3 Re1 59. Kb5 Rb1+ 60. Ka6 Ra1+ 61. Kb7 f5 62. Kb8 Rb1 63. b7 Kd7 64. Rc5 Rb3 65. Rxf5 Rxg3 66. Ra5 1-0

[Event "Kirov-ch FL"]
[Site "Kirov"]
[Date "2018.04.01"]
[Round "1"]
[White "Dvinskikh, Leonid"]
[Black "Savinykh, Sergey"]
[Result "0-1"]
[WhiteElo "1996"]
[BlackElo "2096"]
[PlyCount "56"]
[EventDate "2018.04.01"]
[EventType "tourn"]
[EventRounds "11"]
[EventCountry "RUS"]
[SourceTitle "EXT 2019"]
[Source "ChessBase"]
[SourceDate "2018.10.10"]
[SourceVersion "1"]
[SourceVersionDate "2018.10.10"]
[SourceQuality "1"]

1. d4 Nf6 2. c4 g6 3. Nc3 Bg7 4. e4 0-0 5. Be2 d6 6. Bg5 c5 7. e5 cxd4 8. exf6 exf6 9. Bd2 dxc3 10. Bxc3 Re8 11. Qd2 Nc6 12. 0-0-0 Qb6 13. Bf3 Ne5 14. Bd5 Bf5 15. Bxe5 dxe5 16. Nf3 Rac8 17. b3 Be6 18. Qe3 Qa6 19. Kb2 b5 20. Bxe6 Rxe6 21. Rd7 bxc4 22. Rxa7 Qb5 23. Rc1 Rec6 24. Rd1 f5 25. Rad7 e4+ 26. Nd4 cxb3 27. Kb1 bxa2+ 28. Ka1 Rc2 0-1

[Event "Kirov Smetanin Memorial 1st"]
[Site "Kirov"]
[Date "2017.11.25"]
[Round "6"]
[White "Seidov, Georgij"]
[Black "Dvinskikh, Leonid"]
[Result "0-1"]
[WhiteElo "1774"]
[BlackElo "1957"]
[PlyCount "84"]
[EventDate "2017.11.11"]
[EventType "tourn"]
[EventRounds "7"]
[EventCountry "RUS"]
[SourceTitle "EXT 2019"]
[Source "ChessBase"]
[SourceDate "2018.10.10"]
[SourceVersion "1"]
[SourceVersionDate "2018.10.10"]
[SourceQuality "1"]

1. d4 d5 2. c4 e6 3. Nf3 c5 4. e3 Nf6 5. Ne5 Nc6 6. cxd5 exd5 7. Bb5 Qc7 8. Qa4 Bd7 9. Nxd7 Qxd7 10. 0-0 Be7 11. dxc5 Bxc5 12. Nc3 0-0 13. Qh4 a6 14. Be2 Rfd8 15. Rd1 Qe6 16. b3 d4 17. Na4 Ba7 18. Bc4 Qf5 19. Bd3 dxe3 20. Bxe3 Rxd3 21. Bxa7 Nxa7 22. Nb6 Rad8 23. Rxd3 Qxd3 24. h3 Qd4 25. Qxd4 Rxd4 26. Nc4 Nc6 27. Rc1 h5 28. Kf1 b5 29. Ne3 Nb4 30. Rc8+ Kh7 31. a4 bxa4 32. bxa4 Nbd5 33. Nc4 Nc3 34. Ne3 Nxa4 35. Rc6 Rd2 36. Rxa6 Nc3 37. Ra3 Nfe4 38. f3 Ng3+ 39. Kg1 Nce2+ 40. Kf2 f5 41. Ke1 Rb2 42. Ra5 Nc3 0-1

[Event "Kirov Vyatki Cup 6th"]
[Site "Kirov"]
[Date "2017.08.24"]
[Round "7"]
[White "Seidov, Georgij"]
[Black "Dvinskikh, Leonid"]
[Result "1-0"]
[WhiteElo "1785"]
[BlackElo "2044"]
[PlyCount "103"]
[EventDate "2017.08.17"]
[EventType "swiss"]
[EventRounds "7"]
[EventCountry "RUS"]
[SourceTitle "CBM 180 Extra"]
[Source "ChessBase"]
[SourceDate "2017.10.06"]
[SourceVersion "1"]
[SourceVersionDate "2017.10.06"]
[SourceQuality "1"]

1. d4 d5 2. c4 e6 3. Nc3 c5 4. e3 Nf6 5. Nf3 Nc6 6. a3 a6 7. Ne5 Bd6 8. f4 0-0 9. Be2 Ne4 10. Nxe4 dxe4 11. Nxc6 bxc6 12. dxc5 Bxc5 13. Qc2 f5 14. b4 Be7 15. c5 a5 16. Rb1 axb4 17. axb4 Bf6 18. 0-0 e5 19. Bc4+ Kh8 20. Rd1 Qe7 21. Rd6 Bd7 22. g3 exf4 23. gxf4 Rfd8 24. Bb2 Bxb2 25. Qxb2 Qh4 26. Rbd1 Be8 27. Rxd8 Rxd8 28. Rxd8 Qxd8 29. Qd4 Qh4 30. Be2 h6 31. Qd2 Kh7 32. Kg2 Qe7 33. Kg3 g5 34. Qd4 gxf4+ 35. exf4 Qg7+ 36. Qxg7+ Kxg7 37. Kf2 Kf6 38. Ke3 Bf7 39. Kd4 Be8 40. h3 Ke6 41. Ba6 Bd7 42. Bb7 Kf6 43. b5 cxb5 44. c6 Be6 45. c7 b4 46. c8Q Bxc8 47. Bxc8 b3 48. Kc3 e3 49. Ba6 Ke6 50. Bc4+ Kd6 51. Bxb3 Kc5 52. Kd3 1-0

[Event "Kirov Chudinovskikh Memoriail-A 4th"]
[Site "Kirov"]
[Date "2017.08.10"]
[Round "8"]
[White "Dvinskikh, Leonid"]
[Black "Trifonov, Pavel"]
[Result "0-1"]
[WhiteElo "2044"]
[BlackElo "2304"]
[PlyCount "79"]
[EventDate "2017.07.28"]
[EventType "swiss"]
[EventRounds "9"]
[EventCountry "RUS"]
[SourceTitle "EXT 2018"]
[Source "ChessBase"]
[SourceDate "2017.10.13"]
[SourceVersion "1"]
[SourceVersionDate "2017.10.13"]
[SourceQuality "1"]

1. d4 c5 2. d5 g6 3. e4 Bg7 4. Nf3 d6 5. Nc3 a6 6. a4 Bg4 7. Be2 Bxf3 8. Bxf3 Nd7 9. 0-0 Ngf6 10. Be2 0-0 11. Bf4 Rb8 12. Qd3 Ne8 13. Rfb1 Nc7 14. a5 b5 15. axb6 Rxb6 16. Bd2 Rb4 17. Nd1 Rd4 18. Qe3 f5 19. exf5 Nxd5 20. Qe6+ Kh8 21. Bg5 Rxf5 22. Bxe7 Nxe7 23. Ne3 Re5 24. Qa2 Nd5 25. c3 Rd2 26. Qxa6 Nxe3 27. fxe3 Rxe3 28. Qa8 Re8 29. Qxd8 Rxd8 30. Bb5 Nf6 31. Ra7 Ng4 32. Bc6 d5 33. Re1 d4 34. h3 Ne3 35. cxd4 Bxd4 36. Kh1 Rxb2 37. Re7 Nf5 38. Re8+ Rxe8 39. Rxe8+ Kg7 40. Kh2 0-1

[Event "Kirov Chudinovskikh Memoriail-A 4th"]
[Site "Kirov"]
[Date "2017.08.02"]
[Round "2"]
[White "Malyshev, Evgeny2222"]
[Black "Dvinskikh, Leonid"]
[Result "1/2-1/2"]
[WhiteElo "1885"]
[BlackElo "2044"]
[PlyCount "184"]
[EventDate "2017.07.28"]
[EventType "swiss"]
[EventRounds "9"]
[EventCountry "RUS"]
[SourceTitle "EXT 2018"]
[Source "ChessBase"]
[SourceDate "2017.10.13"]
[SourceVersion "1"]
[SourceVersionDate "2017.10.13"]
[SourceQuality "1"]

1. d4 d5 2. c4 dxc4 3. e3 e5 4. Nf3 exd4 5. Qxd4 Qxd4 6. Nxd4 a6 7. Bxc4 Nf6 8. 0-0 c5 9. Nf3 b5 10. Be2 Bb7 11. a4 b4 12. Nbd2 Nc6 13. Nc4 Be7 14. b3 0-0 15. Bb2 Rad8 16. Rac1 Ne4 17. Rc2 Bf6 18. Bxf6 Nxf6 19. Nfe5 Nxe5 20. Nxe5 Bd5 21. Rxc5 Bxb3 22. Nc6 Rd2 23. Bxa6 Bxa4 24. Nxb4 Ne4 25. Rd5 Rd8 26. Rxd8+ Rxd8 27. Bd3 Nc5 28. Bc4 Rd1 29. Rxd1 Bxd1 30. Nc6 Kf8 31. f3 Ba4 32. Nd4 g6 33. Kf2 f5 34. h4 Bd7 35. Kg3 Kg7 36. Kf4 Kf6 37. e4 fxe4 38. fxe4 h6 39. e5+ Ke7 40. g4 Be8 41. Nc2 Bc6 42. Ne3 Ne6+ 43. Bxe6 Kxe6 44. g5 hxg5+ 45. hxg5 Bb7 46. Nc4 Bd5 47. Nd6 Bc6 48. Ne4 Be8 49. Nf6 Bc6 50. Ng4 Bb7 51. Ne3 Bd5 52. Nc2 Bb7 53. Nd4+ Kd5 54. Nb3 Bc8 55. Nd2 Bf5 56. Nf1 Bb1 57. Ne3+ Ke6 58. Nd1 Bf5 59. Nc3 Bc2 60. Ne4 Kd5 61. Nf6+ Ke6 62. Ne8 Ba4 63. Nc7+ Kd7 64. Na6 Bb5 65. Nc5+ Kc6 66. Ne6 Bd3 67. Ke3 Bb1 68. Kd4 Kd7 69. Nf4 Ke7 70. Kd5 Ba2+ 71. Kc5 Bb1 72. Kd4 Bc2 73. Kc4 Bb1 74. Kb5 Be4 75. Kc5 Bb1 76. Kc6 Be4+ 77. Kc7 Bf5 78. Kb6 Be4 79. Kc5 Bb1 80. e6 Ba2 81. Kd4 Bxe6 82. Nxg6+ Kf7 83. Nf4 Bf5 84. Ke5 Bc2 85. Nd5 Kg6 86. Kf4 Bb1 87. Ne3 Bd3 88. Ng4 Bb1 89. Ne5+ Kg7 90. Kg4 Bc2 91. Kh4 Kh7 92. Kh5 Kg7 1/2-1/2

[Event "KIrov Arakelian Memorial 7th"]
[Site "Kirov"]
[Date "2017.05.13"]
[Round "2"]
[White "Dvinskikh, Leonid"]
[Black "Seidov, Georgij"]
[Result "1-0"]
[WhiteElo "2031"]
[BlackElo "1813"]
[PlyCount "81"]
[EventDate "2017.05.12"]
[EventType "swiss"]
[EventRounds "9"]
[EventCountry "RUS"]
[SourceTitle "EXT 2018"]
[Source "ChessBase"]
[SourceDate "2017.10.13"]
[SourceVersion "1"]
[SourceVersionDate "2017.10.13"]
[SourceQuality "1"]

1. d4 d5 2. c4 c6 3. Nf3 Nf6 4. g3 Nbd7 5. Bg2 dxc4 6. a4 e6 7. 0-0 a5 8. Qc2 Nb6 9. Nbd2 Nfd5 10. Nxc4 Nb4 11. Qc3 N6d5 12. Qb3 Be7 13. Bd2 0-0 14. e4 Nf6 15. Nfe5 Nd7 16. Be3 b5 17. Na3 Nxe5 18. dxe5 Ba6 19. Rfd1 Qc7 20. f4 Rfd8 21. Bf1 Rxd1 22. Rxd1 bxa4 23. Qxa4 Bxf1 24. Kxf1 Rd8 25. Nc4 Rxd1+ 26. Qxd1 c5 27. Qa4 Qd8 28. Nd6 Bxd6 29. exd6 Qxd6 30. Qe8+ Qf8 31. Qxf8+ Kxf8 32. Bxc5+ Ke8 33. Bxb4 axb4 34. Ke2 Kd7 35. Kd3 b3 36. Kc3 Kd6 37. Kxb3 g5 38. Kc4 h6 39. e5+ Kc6 40. fxg5 hxg5 41. h4 1-0

[Event "Kirov-ch"]
[Site "Kirov"]
[Date "2016.04.09"]
[Round "9"]
[White "Dvinskikh, Leonid"]
[Black "Trifonov, Pavel"]
[Result "0-1"]
[WhiteElo "2023"]
[BlackElo "2266"]
[PlyCount "64"]
[EventDate "2016.04.01"]
[EventType "swiss"]
[EventRounds "9"]
[EventCountry "RUS"]
[SourceTitle "CBM 172 Extra"]
[Source "ChessBase"]
[SourceDate "2016.06.21"]
[SourceVersion "1"]
[SourceVersionDate "2016.06.21"]
[SourceQuality "1"]

1. c4 c5 2. Nc3 g6 3. Nf3 Bg7 4. g3 Nc6 5. Bg2 a6 6. 0-0 Rb8 7. e3 d6 8. d4 Bd7 9. Qd3 Nf6 10. d5 Na5 11. Nd2 b5 12. Rb1 bxc4 13. Nxc4 Nxc4 14. Qxc4 a5 15. Bd2 0-0 16. Rfe1 Rb4 17. Qd3 Qc7 18. b3 Rc8 19. Rbc1 Rbb8 20. e4 Ng4 21. h3 Ne5 22. Qe2 c4 23. Nd1 Bb5 24. a4 Ba6 25. bxc4 Bxc4 26. Qe3 Nd3 27. Rxc4 Qxc4 28. Bf1 Rb3 29. Qa7 Bd4 30. Qxe7 Qxa4 31. Bxd3 Rxd3 32. Bh6 Rxd1 0-1

[Event "Kirov-ch"]
[Site "Kirov"]
[Date "2016.04.07"]
[Round "7"]
[White "Savinykh, Sergey"]
[Black "Dvinskikh, Leonid"]
[Result "1-0"]
[WhiteElo "2113"]
[BlackElo "2023"]
[PlyCount "87"]
[EventDate "2016.04.01"]
[EventType "swiss"]
[EventRounds "9"]
[EventCountry "RUS"]
[SourceTitle "CBM 172 Extra"]
[Source "ChessBase"]
[SourceDate "2016.06.21"]
[SourceVersion "1"]
[SourceVersionDate "2016.06.21"]
[SourceQuality "1"]

1. e4 e5 2. Nf3 Nc6 3. Bb5 Bc5 4. 0-0 Nd4 5. Nxd4 Bxd4 6. c3 Bb6 7. d4 c6 8. Ba4 d6 9. Na3 Nf6 10. Bg5 h6 11. Bxf6 Qxf6 12. d5 Bd7 13. Nc4 Bc7 14. Qd3 0-0 15. dxc6 Bxc6 16. Bc2 Bb5 17. a4 Ba6 18. b4 Bxc4 19. Qxc4 Rac8 20. Bb3 Bb6 21. Qd3 a5 22. Bd5 axb4 23. Qb5 Bc5 24. cxb4 Bd4 25. Rad1 Rc7 26. a5 Qe7 27. Rb1 Rfc8 28. Kh1 Kh7 29. Qe2 Rc3 30. b5 Ra3 31. a6 bxa6 32. bxa6 Rc7 33. Rb7 Qd7 34. g3 Qc8 35. Kg2 g6 36. Rfb1 Rac3 37. Rxc7 Rxc7 38. Rb7 h5 39. Qb5 Kg7 40. Qb3 f6 41. Qb5 Kh6 42. Rb8 Qg4 43. Rh8+ Rh7 44. Qe8 1-0

[Event "Kirov Vyatka Cup-B 4th"]
[Site "Kirov"]
[Date "2015.08.28"]
[Round "8"]
[White "Malyshev, Evgeny2222"]
[Black "Dvinskikh, Leonid"]
[Result "1/2-1/2"]
[WhiteElo "1780"]
[BlackElo "2036"]
[PlyCount "101"]
[EventDate "2015.08.21"]
[EventType "tourn"]
[EventRounds "9"]
[EventCountry "RUS"]
[SourceTitle "EXT 2022"]
[Source "ChessBase"]
[SourceDate "2021.10.06"]
[SourceVersion "1"]
[SourceVersionDate "2021.10.06"]
[SourceQuality "1"]

1. e3 g6 2. d4 Bg7 3. Nf3 d5 4. c4 c6 5. Nc3 Nf6 6. cxd5 cxd5 7. Bb5+ Bd7 8. Qb3 Bxb5 9. Qxb5+ Qd7 10. Ne5 Qxb5 11. Nxb5 Na6 12. Bd2 Ne4 13. Nd3 Kd7 14. Ke2 Nd6 15. Nxd6 Kxd6 16. Rac1 Rac8 17. Rxc8 Rxc8 18. Rc1 Rxc1 19. Bxc1 f6 20. f4 b6 21. b3 e6 22. g4 h6 23. Bb2 g5 24. Kf3 Nb8 25. Kg3 Nd7 26. h4 e5 27. Ba3+ Ke6 28. f5+ Kf7 29. Bd6 a5 30. hxg5 hxg5 31. dxe5 fxe5 32. b4 e4 33. Ne1 Be5+ 34. Bxe5 Nxe5 35. bxa5 bxa5 36. Nc2 Ke7 37. Nd4 Kd6 38. Ne6 Nf7 39. a4 Ke5 40. Kf2 Kd6 41. Kg3 Kc6 42. Kf2 Ne5 43. Kg3 Nf7 44. Kf2 Kd6 45. Kg3 Ke5 46. Kf2 Kf6 47. Nc7 Nh6 48. Kg3 Ke5 49. Ne6 Nf7 50. Kf2 Kf6 51. Nc7 1/2-1/2

[Event "Kirov Vyatka Cup-B 4th"]
[Site "Kirov"]
[Date "2015.08.27"]
[Round "7"]
[White "Ljashenko, Konstantin"]
[Black "Dvinskikh, Leonid"]
[Result "1-0"]
[WhiteElo "2099"]
[BlackElo "2036"]
[PlyCount "153"]
[EventDate "2015.08.21"]
[EventType "tourn"]
[EventRounds "9"]
[EventCountry "RUS"]
[SourceTitle "EXT 2022"]
[Source "ChessBase"]
[SourceDate "2021.10.06"]
[SourceVersion "1"]
[SourceVersionDate "2021.10.06"]
[SourceQuality "1"]

1. e4 e5 2. Nf3 Nf6 3. Nxe5 d6 4. Nf3 Nxe4 5. Be2 Be7 6. 0-0 0-0 7. Nd4 c5 8. Nb3 d5 9. d3 Nf6 10. Bg5 Nc6 11. Nc3 d4 12. Bxf6 Bxf6 13. Ne4 b6 14. Bf3 Bb7 15. Nxf6+ Qxf6 16. a4 Rfe8 17. Be4 Re7 18. Qh5 g6 19. Qh6 Rae8 20. Nd2 Re5 21. Nc4 R5e7 22. f4 Nd8 23. Ne5 Qg7 24. Qh4 f5 25. Bxb7 Nxb7 26. Qh3 Nd6 27. Qf3 Qf6 28. Qc6 Qe6 29. Rae1 Nf7 30. Qb5 Qd5 31. a5 Nd6 32. Qa6 b5 33. h3 c4 34. b3 cxb3 35. cxb3 Nf7 36. Nf3 Qxb3 37. Rxe7 Rxe7 38. Qf6 Qe6 39. Qxe6 Rxe6 40. Nxd4 Rd6 41. Nxb5 Rd5 42. Rb1 a6 43. Nc7 Rxa5 44. Rb6 Ra3 45. d4 a5 46. Ne6 Nh6 47. Rb7 Rd3 48. Ng5 a4 49. Nxh7 Rxd4 50. g3 Rd3 51. Kf2 Rb3 52. Nf6+ Kf8 53. Ra7 a3 54. Nd7+ Ke8 55. Nc5 Rb2+ 56. Ke3 a2 57. Nd3 Rc2 58. Nb4 Rh2 59. h4 Ng4+ 60. Kd4 Rd2+ 61. Kc5 Rg2 62. Rxa2 Rxg3 63. Ra7 Nf6 64. Kd6 Ne4+ 65. Ke6 Kf8 66. Nd5 Nc5+ 67. Kf6 Ne4+ 68. Ke5 Rb3 69. Ke6 Kg8 70. Nf6+ Nxf6 71. Kxf6 Rb6+ 72. Kg5 Rc6 73. Kh6 Kf8 74. Rh7 Ra6 75. Kg5 Kg8 76. Rh6 Kf7 77. h5 1-0

[Event "Kirov Vyatka Cup-B 4th"]
[Site "Kirov"]
[Date "2015.08.24"]
[Round "4"]
[White "Dvinskikh, Leonid"]
[Black "Shipelov, Daniil"]
[Result "1/2-1/2"]
[WhiteElo "2036"]
[BlackElo "1840"]
[PlyCount "126"]
[EventDate "2015.08.21"]
[EventType "tourn"]
[EventRounds "9"]
[EventCountry "RUS"]
[SourceTitle "EXT 2022"]
[Source "ChessBase"]
[SourceDate "2021.10.06"]
[SourceVersion "1"]
[SourceVersionDate "2021.10.06"]
[SourceQuality "1"]

1. d4 Nf6 2. Nf3 c5 3. e3 g6 4. c4 b5 5. cxb5 a6 6. bxa6 Bxa6 7. Bxa6 Nxa6 8. 0-0 Bg7 9. Nc3 0-0 10. Bd2 d6 11. Qe2 cxd4 12. exd4 Qd7 13. a3 Rfb8 14. b4 Nc7 15. Rfb1 Nfd5 16. Qc4 e6 17. a4 Nxc3 18. Bxc3 Nd5 19. Qb3 Nxc3 20. Qxc3 Rxa4 21. Rxa4 Qxa4 22. h4 d5 23. Ne5 Bxe5 24. dxe5 Qb5 25. Qc7 Qb7 26. Qxb7 Rxb7 27. Kf1 Kf8 28. Ke2 Ke7 29. Kd3 Kd7 30. b5 Kc7 31. h5 Kb6 32. h6 Rc7 33. g3 Rc8 34. Ra1 Kxb5 35. Ra7 Rf8 36. Ke3 Kc4 37. Rc7+ Kb5 38. Kf4 Kb6 39. Rd7 Kc6 40. Rd6+ Kc5 41. g4 Kd4 42. Rd7 Kd3 43. Kg5 Ke4 44. Kf6 d4 45. Kg7 Ra8 46. Kxh7 Kxe5 47. Kg7 f5 48. g5 Kf4 49. Rxd4+ Kxg5 50. f4+ Kh5 51. Rd7 Kg4 52. h7 Kxf4 53. Kxg6 Ke4 54. Rg7 Rh8 55. Re7 e5 56. Kg7 Rxh7+ 57. Kxh7 f4 58. Kg6 f3 59. Ra7 f2 60. Ra1 Ke3 61. Kf5 Ke2 62. Kxe5 f1Q 63. Rxf1 Kxf1 1/2-1/2